| 000 | 00388 a2200145 4500 | ||
|---|---|---|---|
| 020 | _a0139470867 | ||
| 082 | _a005.43 | ||
| 090 |
_c7314 _d7314 |
||
| 100 | _aAT&T | ||
| 245 |
_aUNIX system V Release 4 _bsystem administrator's guide _cAT&T |
||
| 260 |
_aUSA _bPrentice Hall _c1990 |
||
| 500 | _aUNIX Software Operation. | ||
| 650 | _a1. UNIX system (Computer file). | ||
| 942 |
_cBK _k005.43 ATT |
||
| 999 |
_c11117 _d11117 |
||